Statystyki dla co to za logo ? - #2

Kliknij tutaj aby rozwiązać quiz!

Ogólne statystyki

  • Ten quiz został rozwiązany 48 razy
  • Średni wynik to 4 z 16

Statystyki odpowiedzi

Odpowiedź% Poprawnych
Sprite
100%
Samsung
76%
Intel
52%
Heineken
48%
Mattel
21%
Cheerios
17%
Wilson
14%
Hershey's
12%
Swarovski
12%
Warner Brothers
7%
Jif
5%
Chevron
2%
Verizon
2%
Coast
0%
Lululemon
0%
Quaker Oast
0%

Rozkład punktacji

Percentyl według liczby udzielonych odpowiedzi

Procent ludzi z każdym wynikiem

Twoja historia wyników

Nie rozwiązałeś tego quizu